| 000 | 00536nam a22002057a 4500 | ||
|---|---|---|---|
| 003 | OSt | ||
| 005 | 20220107122725.0 | ||
| 008 | 131022b xxu||||| |||| 00| 0 eng d | ||
| 020 | _a9788120345577 | ||
| 040 | _cIIITM-K | ||
| 082 | _a351 PRA/E | ||
| 100 |
_aPrabhu, C.S.R _92524 |
||
| 245 |
_aE-governance: _bConcepts and case studies _cby C.S.R Prabhu |
||
| 250 | _a2nd edition | ||
| 260 |
_aNew Delhi, _bPHI Learning, _c2012. |
||
| 300 | _aviii, 278p. | ||
| 650 |
_aE-GOVERNANCE _92525 |
||
| 650 |
_aCARD _92526 |
||
| 942 |
_2ddc _cBK |
||
| 999 |
_c3407 _d3407 |
||